Conceptual framework & accounting standards / (Record no. 356390)
[ view plain ]
| 000 -LEADER | |
|---|---|
| fixed length control field | 00389nam a2200109Ia 4500 |
| 008 - FIXED-LENGTH DATA ELEMENTS--GENERAL INFORMATION | |
| fixed length control field | 180430s9999 xx 000 0 und d |
| 020 ## - INTERNATIONAL STANDARD BOOK NUMBER | |
| International Standard Book Number | 9786218029132 |
| 100 ## - MAIN ENTRY--PERSONAL NAME | |
| Personal name | Millan, Zeus Vernon B. |
| 245 ## - TITLE STATEMENT | |
| Title | Conceptual framework & accounting standards / |
| Remainder of title | Based on Philippine financial reporting standards (PFRSs) / |
| 260 ## - PUBLICATION, DISTRIBUTION, ETC. (IMPRINT) | |
| Place of publication, distribution, etc | Baguio City: |
| Name of publisher, distributor, etc | Bandolin Enterprise |
| Date of publication, distribution, etc | 2018 |
| 300 ## - PHYSICAL DESCRIPTION | |
| Extent | iii, 672 pages |
| Withdrawn status | Lost status | Damaged status | Home library | Current library | Shelving location | Date acquired | Source of acquisition | Total Checkouts | Total Renewals | Full call number | Barcode | Date last seen | Date checked out | Price effective from | Koha item type |
|---|---|---|---|---|---|---|---|---|---|---|---|---|---|---|---|
| College Library | College Library | Filipiniana Section | 04/30/2018 | 1 | 38 | HF 5626 .M645 2018 | C21492 | 05/02/2019 | 07/23/2018 | 04/30/2018 | Books |